000 00326nam a2200145Ia 4500
003 OSt
005 20231218065344.0
008 170524s9999 xx 000 0 und d
020 _a9788174453525
040 _cIIMT UNIVERSITY
100 _aVERMA- NK
245 0 _aMEDIA & WOMEN
260 _bMOHIT: NEW DELHI
942 _2ddc
_c01
999 _c9046
_d9046